MARC

LEADER 00000nam0a2200000 4500
001 27662
005 20251030163223.0
010 |a 5020181331 
035 |a (RuTPU)RU\TPU\book\27915 
035 |a BOOK00027990 
090 |a 27662 
100 |a 20011209d2000 k y0rusy50 ca 
101 0 |a rus 
102 |a RU 
105 |a a y 000ab 
200 1 |a Древнейшие государства Восточной Европы  |a 1998 г.  |e Ежегодник  |f Институт всеобщей истории; Российская академия наук, Институт российской истории; под ред. Т. М. Калининой 
210 |a Москва  |c Восточная литература  |d 2000 
215 |a 494 с.  |c ил. 
300 |a Памяти А. П. Новосельцева. 
320 |a Библиогр.: с. 478-488. 
600 1 |a Новосельцев  |b А. П.  |c российский историк  |f 1933-1995  |g Анатолий Петрович  |2 stltpush  |3 (RuTPU)RU\TPU\pers\13768  |9 4297 
606 |a Древнейшие племена и государства на территории России  |x История  |9 81474 
606 |a Древняя Русь  |x История  |9 81697 
610 1 |a Восточная Европа 
610 1 |a славяне 
610 1 |a гунны 
610 1 |a восточные славяне 
610 1 |a княжества 
610 1 |a Хазарский каганат 
610 1 |a ежегодники 
686 |a Т3(2)41  |2 rubbk 
686 |a Т3(2)2  |2 rubbk 
702 1 |a Калинина  |b Т. М.  |4 340 
712 0 2 |a Российская академия наук  |b Институт всеобщей истории (ИВИ РАН)  |c (Москва)  |3 (RuTPU)RU\TPU\col\156 
712 0 2 |a Российская академия наук  |b Институт российской истории  |3 (RuTPU)RU\TPU\col\175 
801 0 |a RU  |b 63413507  |c 20011209  |g PSBO 
801 2 |a RU  |b 63413507  |c 20120923  |g PSBO 
850 |a 63413507 
942 |c BK